Normal view
MARC view
Entry Personal Name
001 - CONTROL NUMBER
- control field: 3751
003 - CONTROL NUMBER IDENTIFIER
- control field: dpl
005 - DATE AND TIME OF LATEST TRANSACTION
- control field: 20100802104342.0
008 - FIXED-LENGTH DATA ELEMENTS
- fixed length control field: 100802|||a|||||| | ||| d
040 ## - CATALOGING SOURCE
- Original cataloging agency: dpl
- Transcribing agency: dpl
100 ## - HEADING--PERSONAL NAME
- Personal name: Sharma, Jagdish Prashad
670 ## - SOURCE DATA FOUND
- Source citation: Work cat.: (dpl)37136: Sharma, Jagdish Prashad , Women empowerment and globlization /
670 ## - SOURCE DATA FOUND
- Source citation: Work cat.: (dpl)37136: Sharma, Jagdish Prashad , Women empowerment and globlization /
